LEADER 01113nam a2200253 u 4500 001 000000110998 003 CaOOAMICUS 005 20080404101150.0 008 080404s1930 fr u000 u fre u 040 $aPUL$bita$dLDB 100 1 $aChesterton, G. K.$q(Gilbert Keith),$d1874-1936.$0(OLS)http://pul/name/3595 240 10$aHeretics.$lFrancese.$0(OLS)http://pul/title/139557 245 10$aHérétiques /$cdi G.K. Chesterton ; traduit de l'anglais per Jenny S. Bradley ; introduction de Henri Massis. 260 $aParis :$bPlon,$c1930. 300 $aix, 290 p. ;$c20 cm. 490 1 $aLe Roseau d'or.$aOeuvres et chroniques ;$v10 504 $aBibliografia in nota. 650 4$aEresie ed eretici.$0(OLS)http://pul/subject/770 830 3$aLe Roseau d'or.$pOeuvres et chroniques ;$v10.$0(OLS)http://pul/title/111428 850 $aPUL 852 $aPUL$W1$xDP1 Filosofia 1$y19$m612 C 25$j127248$qStampati$B125953$CPULBib$Z2$F125953 $H22340 $82 941 1 $a8 996 $6245$aHérétiques$9(OLS)http://pul/title/139558 996 $6260$aParis :$bPlon$9(OLS)http://pul/publisher/48555 LEADER 01629nam a2200349 u 4500 001 000000009626 003 CaOOAMICUS 005 20070226105227.0 008 940516s1992 it af u000 u fre u 020 $a2728302371 035 $a10241678 040 $aPUL(R)$bita 100 1 $aDavid, Jean-Michel,$d1947-$0(OLS)http://pul/name/9499 245 13$aLe patronat judiciaire au dernier siècle de la République romaine /$cpar Jean-Michel David. 260 $aRoma :$bÉcole française de Rome,$c1992. 300 $axxi, 952 p., [6] p. di tav. :$bill. ;$c24 cm 490 1 $aBibliothèque des écoles françaises d'Athènes et de Rome ;$v277 500 $aContiene indici. 504 $a"Bibliographie": p. 903-921. 650 4$aDiritto romano.$0(OLS)http://pul/subject/382 651 4$aRoma$xPolitica e governo.$0(OLS)http://pul/subject/3648 830 0$aBibliothèque des écoles françaises d'Athènes et de Rome ;$v277.$0(OLS)http://pul/title/260 850 $aPUL 852 $aPUL$W1$xSL Diritto e Scienze Sociali 1$y4$m179 C 88$j13643$nBK-PRI$b $qStampati$B13643$CPULBib$Z2$F13643 $H $81 852 $aPUL$W1$xDP1 Cons. Gen., Altre Classi 1$y22$m1039 H 1.277$j184259$qStampati$B187462$CPULBib$Z2$F187462 $82 941 1 $a8 960 $aRoman law$9382 960 $aRoman law$9382 961 $aINV: 72092 996 $6020$a2728302371$9(OLS)http://pul/number/12358 996 $6245$aLe patronat judiciaire au dernier siècle de la République romaine$9(OLS)http://pul/title/14106 996 $6260$aRoma :$bÉcole française de Rome$9(OLS)http://pul/publisher/48107